00716 a2200193 4500952017500000999001700175003000400192005001700196008004100213020001800254040000900272082001800281100002200299245005300321250001200374260007200386300002200458942004200480 00102ddc40708 Chemical engineering aMESbMEScCHEd2021-11-25e34g290.00l3m2o665.53 MAL/Pp41260r2024-06-21 13:39:21s2024-06-21v400.00w2021-11-25yBKzGL17R2 c41196d41196OSt20211125102911.0211125b ||||| |||| 00| 0 eng d a9788123925431 coclc a665.53bMAL/P1 aMall, I. D.98928 aPetroleum Refining Technology /cIndra Deo Mall. a1st ed. aNew Delhi, India :bCBS Publishers & Distributors Pvt Ltd , c2015. a576 p. ;.b 24 cm 2ddccBKh665.53iMAL/Pk665.53mMAL/P